01318nab a22002537a 4500003000400000005001700004008004100021040001100062100002100073245007900094260007300173300001500246500015400261505025100415505008900666650002800755650002700783650002300810650001300833650002600846650001400872700003300886773014500919OSt20250225140558.0190603e xxum|||| |||| 00| 0 spa d cPJ-TDF aVitetta, Mariano13aLa inteligencia artificial y la educación jurídica /cMariano Vitetta. cCiudad Autónoma de Buenos Aires :aThomson Reuters La Ley, b2024. ap. 317-322 aCita: TR LALEY AR/DOC/1993/2024. Publicado en: R.C.C. y C. 2024 (Septiembre-Octubre). EDICIÓN ESPECIAL: XXIX Jornadas Nacionales de Derecho Civil. aSumario: I. Introducción.— II. La inteligencia artificial en el derecho.— III. La inteligencia artificial en las aulas de las Facultades de Derecho.— IV. La revalorización de métodos tradicionales de enseñanza.— V. Conclusiones.  t¿Te interesa el texto completo? Solicitalo al correo: koha@justierradelfuego.gov.ar 0aINTELIGENCIA ARTIFICIAL 0aCIENCIA Y TECNOLOGÍA 0aETICA PROFESIONAL  0aABOGADOS 0aEJERCICIO PROFESIONAL 0aEDUCACION aGuerreiro, Pablo N.ecoautor0 02713dCiudad Autónoma de Buenos Aires : Thomson Reuters La Ley, 2015-tRevista Código Civil y Comercial. Nº 5 - Septiembre-Octubre 2024